00737nam a2200205Ia 4500001000700000003000500007005001700012007000300029008004100032010001100073040000900084100003700093245006900130260002800199300001300227500015100240650004000391700004300431730005700474Z_3716CHAP20221026130632.0ta220113s1964 xx 000 0 und d a166797 cCHAP1 aSantizo Rincón, José Antonio10aExperimentos con animales /cpor José Antonio Santizo Rincón aLondon :bSaimon,c1964 a45 hojas aTrad. de: The principles and practice of agricultural research de José Antonio Santizo Rincón. Trad. por Ignacio Méndez Ramírez cap. XVII.1 aAnimales domésticosxExperimentos1 aMéndez Ramírez, Ignacioetraductor aThe principles and practice of agricultural research